• 首页
  • 本馆介绍
  • 公告通知
  • 最新文献
  • 馆藏检索
  • 电子资源
  • 读者导购
  • 参考咨询
  • 我的图书馆
  • 登录
  • 详细信息显示
  • 放入我的书架
  • 预约/预借图书
  • 作者相关作品
  • 分类相关作品
  • 丛书相关作品
  • 出版社相关作品

书目信息

  • 表格格式
  • 工作单格式
  • 卡片格式
题名:
中华古币
    
 
作者: 崔明伟
分册: 下卷  
出版信息: 海南   海南文宣阁出版社  2003
页数: 186页
开本: 20cm
丛书名:
单 册:
中图分类: F51
科图分类:
主题词: 交通运输经济--概况--世界
电子资源:
ISBN: 7-87606-677-1
000 00557nam0 2200193 450
001 1541411278
005 20150118113044.32
010    @a7-87606-677-1@dCNY50.00
100    @a20150118d2003 km y0chiy0120 ea
101 0  @achi
102    @aCN@b460000
200 1  @a中华古币@Azhong hua gu bi@h下卷@f崔明伟@Fcui ming wei
210    @a海南@c海南文宣阁出版社@d2003
215    @a186页@d20cm
606 0  @a交通运输经济@x概况@x世界
690    @aF51@v4
701  0 @a崔明伟@Acui ming wei
801  0 @aCN@b大连网信软件有限公司图书馆·11@c20150118
905    @aZUCC@dF51@eJY1:2
    
    中华古币.下卷/崔明伟.-海南:海南文宣阁出版社,2003
    186页;20cm
    
    
    ISBN 7-87606-677-1:CNY50.00
    
●
相关链接 在E读中查询图书 在五车中查询图书 在当当中查询图书 在豆瓣中查询图书


正题名:中华古币     索取号:F51/JY1:2         预约/预借

序号 登录号 条形码 馆藏地/架位号 状态 备注
1 7841835   278418357   学院路分馆/ [索取号:F51/JY1:2] 在馆    
2 7841836   278418366   学院路分馆/ [索取号:F51/JY1:2] 在馆    
唐山师范学院图书馆 欢迎您!
大连网信软件有限公司© 版权所有